| 000 | 004680000a22001570004500 | ||
|---|---|---|---|
| 003 | MACL | ||
| 005 | 20160207161314.0 | ||
| 008 | 160207b xxu||||| |||| 00| 0 eng d | ||
| 040 |
_aMACL _cmacl |
||
| 082 | _a294 | ||
| 100 |
_aब्रहम्चारी श्री प्रभुदत्तजी _937161 |
||
| 245 | _aभागवती कथा | ||
| 260 | _bसंकीर्तन भवन | ||
| 650 |
_aReligion _937352 |
||
| 942 |
_cHIN _k294 _2ddc |
||
| 999 |
_c26319 _d26319 |
||